Loading...
| Fine Arts - Classical Music | 7 | 21.43 | 100% | 71% | 43% |
| Fine Arts - Other Fine Arts | 7 | 14.29 | 86% | 57% | 0% |
| Fine Arts - Visual Fine Arts | 6 | 15.00 | 83% | 67% | 0% |
| Geography/Current Events | 2 | 25.00 | 100% | 100% | 50% |
| History - American History | 7 | 14.29 | 100% | 29% | 14% |
| History - European History | 7 | 24.29 | 100% | 100% | 43% |
| History - Other History | 4 | 22.50 | 100% | 75% | 50% |
| History - World History | 7 | 21.43 | 100% | 86% | 29% |
| Literature - American Literature | 5 | 18.00 | 100% | 80% | 0% |
| Literature - British Literature | 7 | 25.71 | 100% | 100% | 57% |
| Literature - European Literature | 7 | 20.00 | 100% | 71% | 29% |
| Literature - World/Other Literature | 6 | 16.67 | 100% | 33% | 33% |
| Mythology | 7 | 24.29 | 100% | 86% | 57% |
| Other Academic | 1 | 20.00 | 100% | 100% | 0% |
| Philosophy | 5 | 26.00 | 100% | 80% | 80% |
| Pop Culture | 2 | 20.00 | 100% | 100% | 0% |
| Religion | 5 | 18.00 | 100% | 60% | 20% |
| Science - Biology | 5 | 18.00 | 100% | 60% | 20% |
| Science - Chemistry | 4 | 22.50 | 100% | 100% | 25% |
| Science - Other Science | 7 | 22.86 | 100% | 71% | 57% |
| Science - Physics | 9 | 18.89 | 100% | 67% | 22% |
| Social Science | 7 | 21.43 | 100% | 100% | 14% |
| World/Other Literature> | 1 | 20.00 | 100% | 100% | 0% |